Les pays qui ont le coronavirus - Statistiques

Statistiques générales
  • Ce quiz a été pris 239 fois
  • Le résultat moyen est 18 sur 30
Statistiques - réponses
Rang Pays % Correct
1 Chine
100%
5 France
98%
3 Italie
96%
9 États-Unis
94%
6 Japon
93%
8 Espagne
92%
7 Allemagne
88%
25 Canada
81%
2 Corée du Sud
80%
14 Belgique
78%
10 Suisse
74%
21 Australie
70%
12 Pays-Bas
65%
13 Suède
65%
4 Iran
62%
15 Norvège
60%
11 Angleterre
53%
26 Thailande
53%
22 Grèce
51%
19 Autriche
50%
28 Egypte
46%
24 Irak
43%
29 Taiwan
39%
16 Singapour
35%
17 Malaisie
31%
30 Emirats Arabes Unis
25%
27 Islande
23%
18 Hong Kong
21%
23 Kuwait
13%
20 Bahrein
10%
Aucun quiz correspondant
Distribution des résultats
% des personnes avec chaque résultat
Percentile par nombre de réponses
Votre historique - résultats
Vous n’avez pas pris ce quiz